000 00219nam a2200085Ia 4500
008 120527s9999 xx 000 0 und d
100 _aSALMON and Johnson
245 _aSteel structure and design and behaviour
942 _cBK
999 _c25618
_d25618